000 00835nab a2200241 u 4500
001 08575
003 HDC
007 cr bn ---aaaaa
008 210130c2013 my dr|nes 0 a may d
040 _aHDC
100 _aChe Wan Badrul Alias
_eauthor
_97791
245 0 _aGoEx Bantu PKS Eksport Product / oleh
_cChe Wan Badrul Alias
260 _aKuala Lumpur :
_bThe New Straits Times Press (M) Bhd.,
_c2013
336 _atext
_2rdacontent
337 _acomputer
_2rdamedia
338 _aonline resource
_2rdacarrier
650 _aExport Products
_99017
650 _aGlobal market
_zMalaysia
_99037
856 _zRequest full-text at [email protected]
942 _2lcc
942 _cNEWS
942 _kNWSC 002367
999 _c5898
_d5898